Disaster and development : (Record no. 288708)
[ view plain ]
| 000 -LEADER | |
|---|---|
| fixed length control field | 01867cam a2200373 i 4500 |
| 001 - CONTROL NUMBER | |
| control field | 18215024 |
| 003 - CONTROL NUMBER IDENTIFIER | |
| control field | PILC |
| 005 - DATE AND TIME OF LATEST TRANSACTION | |
| control field | 20150921141841.0 |
| 008 - FIXED-LENGTH DATA ELEMENTS--GENERAL INFORMATION | |
| fixed length control field | 140701t20152015stka b 001 0 eng |
| 010 ## - LIBRARY OF CONGRESS CONTROL NUMBER | |
| LC control number | 2014025744 |
| 020 ## - INTERNATIONAL STANDARD BOOK NUMBER | |
| International Standard Book Number | 9780702040474 (pbk.) |
| 020 ## - INTERNATIONAL STANDARD BOOK NUMBER | |
| International Standard Book Number | 0702040479 (pbk.) |
| 035 ## - SYSTEM CONTROL NUMBER | |
| System control number | (DNLM)101635856 |
| 040 ## - CATALOGING SOURCE | |
| Original cataloging agency | DNLM/DLC |
| Transcribing agency | DLC |
| Description conventions | rda |
| Modifying agency | DLC |
| 042 ## - AUTHENTICATION CODE | |
| Authentication code | pcc |
| 050 00 - LIBRARY OF CONGRESS CALL NUMBER | |
| Classification number | RA 645.5 |
| Item number | .D546 2015 |
| 060 10 - NATIONAL LIBRARY OF MEDICINE CALL NUMBER | |
| Classification number | WA 295 |
| 082 00 - DEWEY DECIMAL CLASSIFICATION NUMBER | |
| Classification number | 363.34/8 |
| 245 00 - TITLE STATEMENT | |
| Title | Disaster and development : |
| Remainder of title | an occupational perspective / |
| Statement of responsibility, etc | edited by Nancy Rushford, PhD, MSc OT Reg (Ont), MA (Counseling Psychology), Director of Programs & Implementation, Alzheimer Society of Ontario, Canada, Kerry Thomas, BSc (OT), Grad Dip (Health Management), interPART, Australia ; forewords by Valerie Scherrer, MA, OT, Director, Emergency Response Unit, CBM, Co-ordinator, Conflict and Emergency Task Group of the International Disability and Development Consortium, Germany, Marilyn Pattinson, B App Sc (OT), MBA, FWFOT, President, World Federation of Occupational Therapist (WFOT), Managing Principal, MPOT Pty Ltd, Australia. |
| 260 ## - PUBLICATION, DISTRIBUTION, ETC. (IMPRINT) | |
| Place of publication, distribution, etc | Edinburgh : |
| Name of publisher, distributor, etc | Elsevier, |
| Date of publication, distribution, etc | 2015. |
| 300 ## - PHYSICAL DESCRIPTION | |
| Extent | xviii, 274 pages : |
| Other physical details | illustrations ; |
| Dimensions | 24 cm |
| 500 ## - GENERAL NOTE | |
| General note | Includes bibliographical references and index. |
| 650 12 - SUBJECT ADDED ENTRY--TOPICAL TERM | |
| Topical term or geographic name as entry element | Disaster Planning |
| Form subdivision | Personal Narratives. |
| 650 12 - SUBJECT ADDED ENTRY--TOPICAL TERM | |
| Topical term or geographic name as entry element | Occupational Therapy |
| Form subdivision | Personal Narratives. |
| 650 22 - SUBJECT ADDED ENTRY--TOPICAL TERM | |
| Topical term or geographic name as entry element | Disaster Medicine |
| General subdivision | methods |
| Form subdivision | Personal Narratives. |
| 650 22 - SUBJECT ADDED ENTRY--TOPICAL TERM | |
| Topical term or geographic name as entry element | Emergencies |
| Form subdivision | Personal Narratives. |
| 650 22 - SUBJECT ADDED ENTRY--TOPICAL TERM | |
| Topical term or geographic name as entry element | Relief Work |
| Form subdivision | Personal Narratives. |
| 650 22 - SUBJECT ADDED ENTRY--TOPICAL TERM | |
| Topical term or geographic name as entry element | Rescue Work |
| Form subdivision | Personal Narratives. |
| 700 1# - ADDED ENTRY--PERSONAL NAME | |
| Personal name | Rushford, Nancy, |
| Relator term | editor. |
| 700 1# - ADDED ENTRY--PERSONAL NAME | |
| Personal name | Thomas, Kerry, |
| Dates associated with a name | 1957- , |
| Relator term | editor. |
| 906 ## - LOCAL DATA ELEMENT F, LDF (RLIN) | |
| a | 7 |
| b | cbc |
| c | orignew |
| d | 1 |
| e | ecip |
| f | 20 |
| g | y-gencatlg |
| 942 ## - ADDED ENTRY ELEMENTS (KOHA) | |
| Source of classification or shelving scheme | Library of Congress Classification |
| Koha item type | Books |
| Call number prefix | Foreign |
| Withdrawn status | Lost status | Source of classification or shelving scheme | Damaged status | Home library | Current library | Shelving location | Date acquired | Source of acquisition | Sub Shelving location | Total Checkouts | Full call number | Barcode | Date last seen | Price effective from | Koha item type |
|---|---|---|---|---|---|---|---|---|---|---|---|---|---|---|---|
| Library of Congress Classification | College Library | College Library | Reserve Section | 09/21/2015 | Donation | RA 645.5 .D546 2015 | C20045 | 05/15/2018 | 09/21/2015 | Books |